000 00565nam a2200157 4500
008 170329b xxu||||| |||| 00| 0 eng d
022 _a01153544
082 _aDPer 338.05 En86 Apr-Jul 2015 v. 15, n. 158-161
100 _919616
_aCarpio, Cathie
245 _aTeaching 'toons:
_bbayan komiks makes learning fun through comic books/
_cCathie Carpio.
260 _aPhilippines:
_bSummit Media,
_cApr-Jul 2015.
300 _av15 n161, page 16:
_billustrations,
_c28 cm.
500 _aEntrepreneur.
650 0 _919618
_aBusiness
_xBook industry
942 _2ddc
_cPER
999 _c6485
_d6485